| 000 | 00686nam a22002177a 4500 | ||
|---|---|---|---|
| 005 | 20170124105957.0 | ||
| 010 | _aA-583179 | ||
| 020 |
_c00.00 _a0863112684 |
||
| 035 | _aA-583179 | ||
| 037 | _bCen Lib/Ret | ||
| 040 |
_aDPL _bEN |
||
| 082 |
_a080 _bMIS |
||
| 245 |
_aVoices of modern India : _cedited by Ganeshwar Mishra [and] Arun Kumar Mohanty _bviews of great Indian thinkers / |
||
| 260 |
_aCalcutta _bOrient Longman _c1992 |
||
| 270 |
_a17 Chittaranjan Avenue _bCalcutta _e700072 |
||
| 300 |
_a156p. _c21cm(Hb) |
||
| 650 |
_aIndia-our motherland _914893 |
||
| 650 |
_aHinduism _984973 |
||
| 700 |
_aMohanty, Arun Kumar _914895 |
||
| 942 |
_2ddc _cEN _h080 _mMIS |
||
| 999 |
_c125596 _d125596 |
||